Land and taxation system during the Mughal age : (Record no. 144294)

MARC details
000 -LEADER
fixed length control field 00760nam a22002177a 4500
005 - DATE AND TIME OF LATEST TRANSACTION
control field 20170911163058.0
010 ## - LCCN (DPL NO)
LC control number ENG-120254
020 ## - INTERNATIONAL STANDARD BOOK NUMBER
Terms of availability 700.00
International Standard Book Number 9788184540895
035 ## - SYSTEM CONTROL NUMBER
System control number EN-103786
037 ## - SOURCE OF ACQUISITION
Source of stock number/acquisition DBAD/PUB
082 ## - DEWEY DECIMAL CLASSIFICATION NUMBER
Classification number 954.022
245 ## - TITLE STATEMENT
Title Land and taxation system during the Mughal age :
Statement of responsibility, etc edited by Amrita Grover,Anuj Grover Chaudhary [and] J.C. Dua
Remainder of title Collected works of Professor B. R. Grover /
260 ## - PUBLICATION, DISTRIBUTION, ETC. (IMPRINT)
Place of publication, distribution, etc Delhi
Name of publisher, distributor, etc Originals
Date of publication, distribution, etc 2009
270 ## - ADDRESS
Address A-6,Nimri Comercial Center,Near Ashok Vihar-IV
City Delhi
Postal code 110092
300 ## - PHYSICAL DESCRIPTION
Extent 4-vol (xxi,250p.)
Dimensions 22cm.(Hb)
500 ## - GENERAL NOTE
General note Includes references and index
700 ## - ADDED ENTRY--PERSONAL NAME
Personal name Grover,Amrita
700 ## - ADDED ENTRY--PERSONAL NAME
Personal name Grover Chaudhary,Anuj
700 ## - ADDED ENTRY--PERSONAL NAME
Personal name Dua,J.C.
942 ## - ADDED ENTRY ELEMENTS (KOHA)
Source of classification or shelving scheme Dewey Decimal Classification
Item type English Books
Classification part 954.022
Call number suffix LAN
Holdings
Withdrawn status Lost status Not for loan Collection code Home library Current library Date acquired Source of acquisition Cost, normal purchase price Full call number Barcode Copy number Cost, replacement price Koha item type
    Not For Loan Non-fiction D.B.Act.Division Bawana 11/09/2017 DBAD/PUB 700.00 954.022 LAN EN-103786 1 700.00 English Books

© Delhi Public Library
Hit Counter
free hit counter